Roboterassistierte Thoraxchirurgie bei Mediastinaltumoren = Robot-assisted mediastinal mass resection

Die roboterassistierte Thoraxchirurgie gewinnt in den letzten Jahren auch in Europa zunehmend an Bedeutung. Aufgrund des begrenzten Raumes und der engen Lagebeziehung wichtiger anatomischer Strukturen stellt die minimalinvasive Mediastinalchirurgie eine besondere Herausforderung an den Operateur dar...

Ausführliche Beschreibung

Gespeichert in:
Bibliographische Detailangaben
Hauptverfasser: Eichhorn, Martin E. (VerfasserIn) , Haag, Johannes C. (VerfasserIn) , Grünewald, Christiane (VerfasserIn) , Reimer, Peter (VerfasserIn) , Winter, Hauke (VerfasserIn)
Dokumenttyp: Article (Journal)
Sprache:Deutsch
Veröffentlicht: 2021
In: Zentralblatt für Chirurgie
Year: 2021, Jahrgang: 146, Heft: 01, Pages: 111-118
ISSN:1438-9592
DOI:10.1055/a-1192-7205
Online-Zugang:Verlag, lizenzpflichtig, Volltext: https://doi.org/10.1055/a-1192-7205
Verlag, lizenzpflichtig, Volltext: http://www.thieme-connect.de/DOI/DOI?10.1055/a-1192-7205
Volltext
Verfasserangaben:Martin Eichhorn, Johannes Haag, Christiane Grünewald, Peter Reimer, Hauke Winter

MARC

LEADER 00000caa a2200000 c 4500
001 1753074401
003 DE-627
005 20220819152957.0
007 cr uuu---uuuuu
008 210401s2021 xx |||||o 00| ||ger c
024 7 |a 10.1055/a-1192-7205  |2 doi 
035 |a (DE-627)1753074401 
035 |a (DE-599)KXP1753074401 
035 |a (OCoLC)1341403078 
040 |a DE-627  |b ger  |c DE-627  |e rda 
041 |a ger 
084 |a 33  |2 sdnb 
100 1 |a Eichhorn, Martin E.  |d 1974-  |e VerfasserIn  |0 (DE-588)124436900  |0 (DE-627)363346627  |0 (DE-576)294170545  |4 aut 
245 1 0 |a Roboterassistierte Thoraxchirurgie bei Mediastinaltumoren  |b  = Robot-assisted mediastinal mass resection  |c Martin Eichhorn, Johannes Haag, Christiane Grünewald, Peter Reimer, Hauke Winter 
246 3 1 |a Robot-assisted mediastinal mass resection 
264 1 |c 2021 
300 |a 8 
336 |a Text  |b txt  |2 rdacontent 
337 |a Computermedien  |b c  |2 rdamedia 
338 |a Online-Ressource  |b cr  |2 rdacarrier 
500 |a Online publiziert: 06.08.2020 
500 |a Gesehen am 10.09.2021 
520 |a Die roboterassistierte Thoraxchirurgie gewinnt in den letzten Jahren auch in Europa zunehmend an Bedeutung. Aufgrund des begrenzten Raumes und der engen Lagebeziehung wichtiger anatomischer Strukturen stellt die minimalinvasive Mediastinalchirurgie eine besondere Herausforderung an den Operateur dar. Aufgrund der hochauflösenden 3-D-Bildgebung, präzisen Instrumentenführung mit hoher Beweglichkeit auf kleinstem Raum eröffnet die robotisch assistierte Thoraxchirurgie im Mediastinum neue minimalinvasive Möglichkeiten und kann die Sicherheit und Radikalität bei der onkologischen Resektion von Mediastinaltumoren verbessern. Dieser Artikel gibt einen Überblick über den aktuellen Stand der roboterassistierten Mediastinalchirurgie und fasst zentrale Aspekte der Indikationsstellung, Operationsplanung und Durchführung der roboterassistierten Mediastinaltumorresektion zusammen 
700 1 |a Haag, Johannes C.  |d 1984-  |e VerfasserIn  |0 (DE-588)1027128319  |0 (DE-627)728317524  |0 (DE-576)372502024  |4 aut 
700 1 |a Grünewald, Christiane  |e VerfasserIn  |0 (DE-588)1217065776  |0 (DE-627)1728862221  |4 aut 
700 1 |a Reimer, Peter  |e VerfasserIn  |0 (DE-588)1207106283  |0 (DE-627)1693358727  |4 aut 
700 1 |a Winter, Hauke  |e VerfasserIn  |0 (DE-588)1162076038  |0 (DE-627)1025509773  |0 (DE-576)176791531  |4 aut 
773 0 8 |i Enthalten in  |t Zentralblatt für Chirurgie  |d Stuttgart [u.a.] : Thieme, 2000  |g 146(2021), 01, Seite 111-118  |h Online-Ressource  |w (DE-627)326647236  |w (DE-600)2041776-7  |w (DE-576)107736802  |x 1438-9592  |7 nnas  |a Roboterassistierte Thoraxchirurgie bei Mediastinaltumoren = Robot-assisted mediastinal mass resection 
773 1 8 |g volume:146  |g year:2021  |g number:01  |g pages:111-118  |g extent:8  |a Roboterassistierte Thoraxchirurgie bei Mediastinaltumoren = Robot-assisted mediastinal mass resection 
856 4 0 |u https://doi.org/10.1055/a-1192-7205  |x Verlag  |x Resolving-System  |z lizenzpflichtig  |3 Volltext 
856 4 0 |u http://www.thieme-connect.de/DOI/DOI?10.1055/a-1192-7205  |x Verlag  |z lizenzpflichtig  |3 Volltext 
951 |a AR 
992 |a 20210401 
993 |a Article 
994 |a 2021 
998 |g 1162076038  |a Winter, Hauke  |m 1162076038:Winter, Hauke  |d 910000  |d 950000  |d 950900  |d 50000  |e 910000PW1162076038  |e 950000PW1162076038  |e 950900PW1162076038  |e 50000PW1162076038  |k 0/910000/  |k 1/910000/950000/  |k 2/910000/950000/950900/  |k 0/50000/  |p 5  |y j 
998 |g 1207106283  |a Reimer, Peter  |m 1207106283:Reimer, Peter  |d 910000  |d 950000  |d 950900  |e 910000PR1207106283  |e 950000PR1207106283  |e 950900PR1207106283  |k 0/910000/  |k 1/910000/950000/  |k 2/910000/950000/950900/  |p 4 
998 |g 1217065776  |a Grünewald, Christiane  |m 1217065776:Grünewald, Christiane  |d 910000  |d 950000  |d 950900  |e 910000PG1217065776  |e 950000PG1217065776  |e 950900PG1217065776  |k 0/910000/  |k 1/910000/950000/  |k 2/910000/950000/950900/  |p 3 
998 |g 1027128319  |a Haag, Johannes C.  |m 1027128319:Haag, Johannes C.  |d 910000  |d 950000  |d 950900  |d 50000  |e 910000PH1027128319  |e 950000PH1027128319  |e 950900PH1027128319  |e 50000PH1027128319  |k 0/910000/  |k 1/910000/950000/  |k 2/910000/950000/950900/  |k 0/50000/  |p 2 
998 |g 124436900  |a Eichhorn, Martin E.  |m 124436900:Eichhorn, Martin E.  |d 910000  |d 950000  |d 950900  |d 50000  |e 910000PE124436900  |e 950000PE124436900  |e 950900PE124436900  |e 50000PE124436900  |k 0/910000/  |k 1/910000/950000/  |k 2/910000/950000/950900/  |k 0/50000/  |p 1  |x j 
999 |a KXP-PPN1753074401  |e 3901503129 
BIB |a Y 
SER |a journal 
JSO |a {"language":["ger"],"id":{"doi":["10.1055/a-1192-7205"],"eki":["1753074401"]},"type":{"bibl":"article-journal","media":"Online-Ressource"},"physDesc":[{"extent":"8 S."}],"person":[{"given":"Martin E.","display":"Eichhorn, Martin E.","family":"Eichhorn","role":"aut"},{"role":"aut","display":"Haag, Johannes C.","given":"Johannes C.","family":"Haag"},{"given":"Christiane","family":"Grünewald","display":"Grünewald, Christiane","role":"aut"},{"given":"Peter","family":"Reimer","display":"Reimer, Peter","role":"aut"},{"given":"Hauke","display":"Winter, Hauke","family":"Winter","role":"aut"}],"name":{"displayForm":["Martin Eichhorn, Johannes Haag, Christiane Grünewald, Peter Reimer, Hauke Winter"]},"titleTranslated":[{"translated":"Robot-assisted mediastinal mass resection"}],"origin":[{"dateIssuedKey":"2021","dateIssuedDisp":"2021"}],"note":["Online publiziert: 06.08.2020","Gesehen am 10.09.2021"],"relHost":[{"pubHistory":["Nachgewiesen 125.2000,8 -"],"note":["Gesehen am 07.11.2013"],"origin":[{"dateIssuedDisp":"2000-","publisherPlace":"Stuttgart [u.a.] ; Leipzig ; Heidelberg","dateIssuedKey":"2000","publisher":"Thieme ; Barth"}],"type":{"bibl":"periodical","media":"Online-Ressource"},"titleAlt":[{"title":"Zeitschrift für allgemeine, viszeral- und Gefäßchirurgie"}],"disp":"Roboterassistierte Thoraxchirurgie bei Mediastinaltumoren = Robot-assisted mediastinal mass resectionZentralblatt für Chirurgie","id":{"issn":["1438-9592"],"doi":["10.1055/s-00000104"],"eki":["326647236"],"zdb":["2041776-7"]},"part":{"issue":"01","volume":"146","extent":"8","text":"146(2021), 01, Seite 111-118","year":"2021","pages":"111-118"},"language":["ger"],"recId":"326647236","title":[{"title":"Zentralblatt für Chirurgie","subtitle":"Zeitschrift für allgemeine, viszeral-, Thorax- und Gefäßchirurgie","title_sort":"Zentralblatt für Chirurgie"}],"physDesc":[{"extent":"Online-Ressource"}]}],"recId":"1753074401","title":[{"title":"Roboterassistierte Thoraxchirurgie bei Mediastinaltumoren","subtitle":" = Robot-assisted mediastinal mass resection","title_sort":"Roboterassistierte Thoraxchirurgie bei Mediastinaltumoren"}]} 
SRT |a EICHHORNMAROBOTERASS2021